Applications of spatial data structures: computer graphics, image, processing and GIS

Guardat en:
Dades bibliogràfiques
Autor principal: Samet, Hanan (Autor)
Format: Llibre
Idioma:anglès
Publicat: Reading Addison-Wesley 1990
Col·lecció:Addison-Wesley series in computer science
Matèries:
Etiquetes: Afegir etiqueta
Sense etiquetes, Sigues el primer a etiquetar aquest registre!

MARC

LEADER 00000nam a2200000 a 4500
001 UCX8285
003 CL-VaPUC
008 940323e19900000US |||||||||||||||||eng|d
082 0 4 |a 005.73  |b SAM  |2 21 
100 0 |a Samet, Hanan  |e author  |9 325379 
245 1 0 |a Applications of spatial data structures: computer graphics, image, processing and GIS 
300 |a 507 p 
942 |c BK 
945 |d 19940323 00:00:00  |a mfernand 
260 |a Reading  |b Addison-Wesley  |c 1990 
650 7 |a ESTRUCTURA DE DATOS CIENCIA DE LA COMPUTACION  |2 CL-VaPUC  |9 325380 
650 0 |a Gráficos por computador  |9 262412 
583 |a last modification  |c 19940323 00:00:00  |k Rodrigo Vera 
490 0 |a Addison-Wesley series in computer science 
999 |c 227837  |d 227835 
952 |0 0  |1 0  |4 0  |6 005_730000000000000_SAM_1990  |7 0  |8 A  |9 227101  |a BIBING  |b BIBING  |d 2019-11-15  |i 2962985  |l 1  |o 005.73 SAM 1990  |p 2962985  |r 2025-01-20  |s 2024-12-05  |w 2019-11-15  |y BK  |k CCI